000 00439nam a2200169 4500
005 20251009114209.0
008 250930b |||||||| |||| 00| 0 eng d
041 _aMarathi
082 _a891.46
_bMEH
100 _aMehendale Vasudha
_9213630
245 _aTukaram Shishya Sant Bahinabai
260 _aPune
_bBharatiya Vichar Sadhana Pune Prakashan
_c2017
300 _a88
365 _b73.50
_cRs.00
650 _aGeneral
942 _cBK
999 _c367898
_d367898